000 00465nam a22001097a 4500
008 150619b xxu||||| |||| 00| 0 eng d
010 _8HCCRSF:004
245 _aHIGH COURT CRIMINAL SESSION CASE NO.138 OF 1969 Uganda Vs Elikano Ovuon
260 _aHigh Court Kampala
500 _3(Original criminal case No.MA.388 of 1968 in the Magistrate's Court of Gulu at Arua Before-F.W.Kakembo Esq.,Magistrate Grade 1.)
500 _3 BEFORE:The Honourable Mr.Justice R.E.G.Russell
999 _c6493
_d6493